| 000 | 00718nam a22001577a 4500 | ||
|---|---|---|---|
| 003 | OSt | ||
| 005 | 20150920151928.0 | ||
| 008 | 150920b xxu||||| |||| 00| 0 eng d | ||
| 040 | _cRUA | ||
| 082 | _aAGR KEO 2009 B041 Or.1 | ||
| 100 |
_9952 _aKEO, CHANKRONG. |
||
| 245 | _acomparison of seedling ages and rice varieties under rainy season at royal university of agriculture ( ការប្រៀបធៀបអាយុសំណាប និង ពូជស្រូវក្នុងលក្ខខណ្ឌរដូវវស្សានៅសាកលវិទ្យាល័យភូមិន្ទកសិកម្ម) | ||
| 260 |
_aPhnom Penh _bRUA _c2009 |
||
| 300 |
_axi, 65p. _bill. _c29cm. |
||
| 942 |
_2ddc _cAGR |
||
| 999 |
_c917 _d917 |
||